000 00690nam a2200229 a 4500
001 BRCA_6592
005 20190320205521.0
008 021011s1965----u--a######---#000-0#eng-#
041 _aeng
044 _au
050 4 _aND806
_b.C65 6 1965
100 1 _aGomez-Moreno, Carmen.
_916454
245 1 0 _aSpanish Painting
_bthe Golden Century
_cby Carmen Gomez-Moreno
260 _aE. U. A.
_bMcGraw-Hill
_cc1965
300 _a48 p.
_bil.
_c25 cm.
_e24 diapositivas.
440 0 _aColor Slide Program of the World´s Art
_v6
_916455
500 _aDonación Dra. Elsa Barberena
650 1 4 _aPintura española
_97790
650 1 4 _aPintura
_xDiapositivas
_916456
902 _aDEB
942 _2lcc
_cB
999 _c6276
_d6276